000 00307nam a22001337a 4500
008 170405b xxu||||| |||| 00| 0 eng d
020 _a9780721692876
041 _aeng
080 _a616.34
100 _a9
101 _aSHM
245 _aMAYO CLINIC GASTROINTENSTINAL SURGERY
_cKELLY, K.A
942 _2udc
_cBK
999 _c9847
_d9847